000 002570000a22000970004500
100 1 _aFarfán Navarro, Enrique (1937- )
245 1 0 _aRHM - Un Estudio Previo
300 _avol. 57, núm 1 (1999), Páginas 227-238
773 0 _tEstudios Bíblicos
942 _cANA
999 _c50285
_d50285